000 00603nam a22001817a 4500
001 48827
003 OSt
005 20201016133355.0
008 201006b 1999 dr 00| 0 eng d
020 _a9768175559
040 _aDO-SdBNP
_bspa
_cBNPHU
100 1 _aCastellanos, Socorro
_957129
245 1 0 _aCon los cinco sentidos :
_blas mejores recetas de Buenas Tardes a la Orden T. V. /
_cSocorro Castellanos ; fotografias Thiago da Cunha.
260 _aSanto Domingo :
_bAmigo del Hogar,
_c1999.
300 _a216. p. :
_bil. ;
_c28 cm.
700 1 _aCunha, Thiago da,
_e fotografías
_976776
942 _2ddc
_cLF1
999 _c48827
_d48827